Collette Celine Littman and another v Aspen Oil (Broking) Limited (Record no. 77087)

MARC details
000 -LEADER
fixed length control field 01519cab a2200193 4500
001 - CONTROL NUMBER
control field ##L133570
008 - FIXED-LENGTH DATA ELEMENTS--GENERAL INFORMATION
fixed length control field 060519n2005 000 0 eng u
035 ## - SYSTEM CONTROL NUMBER
System control number (Sirsi) u133570
041 0# - LANGUAGE CODE
Language code of text/sound track or separate title eng
245 00 - TITLE STATEMENT
Title Collette Celine Littman and another v Aspen Oil (Broking) Limited
260 ## - PUBLICATION, DISTRIBUTION, ETC.
Date of publication, distribution, etc. 2005
520 ## - SUMMARY, ETC.
Summary, etc. [2005] EWCA Civ 1579, 19 December 2005. Appeal from a determination of a preliminary issue in ([2005] EWHC 1369 (Ch), [2005] NPC 88) where a break clause in the lease was worded incorrectly. The lease was amended since it was obvious what the mistake was, and was easily remedied as a matter of construction. On appeal, the tenant submitted that an alternative reasonable drafting error could be hypothesised, so the clause was void for uncertainty. "Held": Appeal dismissed. The four conditions for the rectification of a unilateral mistake were made out, and it did not matter that the result put the parties in a contractual position they had not agreed. The tenant's attempt to take advantage of an obvious drafting error was inequitable.
590 ## - LOCAL NOTE (RLIN)
Local note IKA230506
650 24 - SUBJECT ADDED ENTRY--TOPICAL TERM
Topical term or geographic name entry element LITTMAN AND ANOTHER V ASPEN OIL (BROKING) LTD
650 24 - SUBJECT ADDED ENTRY--TOPICAL TERM
Topical term or geographic name entry element THOMAS BATES AND SON LTD V WYNDHAM'S (LINGERIE) LTD
690 ## - LOCAL SUBJECT ADDED ENTRY--TOPICAL TERM (OCLC, RLIN)
Topical term or geographic name as entry element PROPERTY-COMMERCIAL PROPERTY-LEASEHOLD COMMERCIAL PROPERTY-COMMERCIAL LANDLORD AND TENANT-BUSINESS TENANCIES-BREACHING BUSINESS TENANCIES
856 40 - ELECTRONIC LOCATION AND ACCESS
Uniform Resource Identifier <a href="https://www.bailii.org/cgi-bin/markup.cgi?doc=/ew/cases/EWCA/Civ/2005/1579.html">https://www.bailii.org/cgi-bin/markup.cgi?doc=/ew/cases/EWCA/Civ/2005/1579.html</a>
Public note View the item free of charge at www.bailii.org...
942 ## - ADDED ENTRY ELEMENTS (KOHA)
Suppress in OPAC 0
Holdings
Withdrawn status Lost status Source of classification or shelving scheme Damaged status Not for loan Home library Current library Shelving location Date acquired Total Checkouts Full call number Barcode Date last seen Copy number Price effective from Koha item type
    Dewey Decimal Classification     Virtual Virtual Online 19/05/2006   ONLINE PUBLICATION 133570-1001 06/08/2019 1 06/08/2019 Law report